| 000 | 01307nam a22003374a 4500 | ||
|---|---|---|---|
| 001 | ebr10170602 | ||
| 003 | CaPaEBR | ||
| 006 | m u | ||
| 007 | cr cn||||||||| | ||
| 008 | 060707s2007 enk sb 001 0 eng | ||
| 010 | _z 2006022560 | ||
| 020 | _z9781853599491 (hbk : alk. paper) | ||
| 020 | _z1853599492 (hbk : alk. paper) | ||
| 020 | _z9781853599507 (ebook) | ||
| 020 | _z1853599506 (ebook) | ||
| 040 |
_aCaPaEBR _cCaPaEBR |
||
| 035 | _a(OCoLC)609156808 | ||
| 050 | 1 | 4 |
_aPC2073 _b.A32 2007eb |
| 082 | 0 | 4 |
_a440 _222 |
| 100 | 1 | _aAdamson, Robin. | |
| 245 | 1 | 4 |
_aThe defence of French _h[electronic resource] : _ba language in crisis? / _cRobin Adamson. |
| 260 |
_aClevedon, England ; _aBuffalo, N.Y. : _bMultilingual Matters, _cc2007. |
||
| 300 | _axx, 199 p. | ||
| 490 | 0 |
_aMultilingual matters ; _v137 |
|
| 504 | _aIncludes bibliographical references (p. 181-195) and index. | ||
| 533 |
_aElectronic reproduction. _bPalo Alto, Calif. : _cebrary, _d2013. _nAvailable via World Wide Web. _nAccess may be limited to ebrary affiliated libraries. |
||
| 650 | 0 | _aFrench language. | |
| 655 | 7 |
_aElectronic books. _2local |
|
| 710 | 2 | _aebrary, Inc. | |
| 856 | 4 | 0 |
_uhttp://site.ebrary.com/lib/rucke/Doc?id=10170602 _zAn electronic book accessible through the World Wide Web; click to view |
| 999 |
_c249624 _d249624 |
||